Technical report writing today / (Record no. 128274)

MARC details
000 -LEADER
fixed length control field 00776nam a22002537a 4500
005 - DATE AND TIME OF LATEST TRANSACTION
control field 20170124110037.0
010 ## - LIBRARY OF CONGRESS CONTROL NUMBER
LC control number B-089759
020 ## - INTERNATIONAL STANDARD BOOK NUMBER
Terms of availability 00.00
035 ## - SYSTEM CONTROL NUMBER
System control number B-089759
037 ## - SOURCE OF ACQUISITION
Source of stock number/acquisition Cen Lib/Ret
040 ## - CATALOGING SOURCE
Original cataloging agency DPL
Language of cataloging EN
082 ## - DEWEY DECIMAL CLASSIFICATION NUMBER
Classification number 808.066
Item number PAU
100 ## - MAIN ENTRY--PERSONAL NAME
Personal name Pauley, Steven E.
9 (RLIN) 22909
245 ## - TITLE STATEMENT
Title Technical report writing today /
Statement of responsibility, etc by Steven E.Pauley [and] Daniel G.Riordan
250 ## - EDITION STATEMENT
Edition statement 5th ed
260 ## - PUBLICATION, DISTRIBUTION, ETC. (IMPRINT)
Place of publication, distribution, etc Delhi
Name of publisher, distributor, etc A.I.T.B.S. publishars
Date of publication, distribution, etc 2004
270 ## - ADDRESS
Address J-5/6,Krishna Nagar
City Delhi
Postal code 110051
300 ## - PHYSICAL DESCRIPTION
Extent 500p.
Dimensions 21cm(Hb)
500 ## - GENERAL NOTE
General note Includes bibliographical reference and index
650 ## - SUBJECT ADDED ENTRY--TOPICAL TERM
Topical term or geographic name as entry element Writing-Technical
9 (RLIN) 22910
650 ## - SUBJECT ADDED ENTRY--TOPICAL TERM
Topical term or geographic name as entry element Technical writing
9 (RLIN) 16052
700 ## - ADDED ENTRY--PERSONAL NAME
Personal name Riordan, Daniel G.
9 (RLIN) 22863
942 ## - ADDED ENTRY ELEMENTS (KOHA)
Source of classification or shelving scheme Dewey Decimal Classification
Koha item type English Books
Classification part 808.066
Call number suffix PAU
Holdings
Withdrawn status Lost status Damaged status Not for loan Home library Current library Date acquired Source of acquisition Cost, normal purchase price Total Checkouts Full call number Barcode Date last seen Copy number Cost, replacement price Price effective from Koha item type
        Central Library Central Library 02/07/2015 Cen Lib/Ret 0.00   808.066 PAU B-089759 02/07/2015 1 0.00 02/07/2015 English Books

© Delhi Public Library
Hit Counter
free hit counter